| 000 | 01865nam0a2200361 4500 | ||
|---|---|---|---|
| 001 | RU\NLR\bibl\835636 | ||
| 005 | 20260405090007.0 | ||
| 021 |
_aRU _b2005-44009 _92169 |
||
| 035 | _a(NLR Aleph) 001346560 | ||
| 090 |
_a894153 _c894153 |
||
| 100 | _a20050901d2005 |||y0rusy50 ca | ||
| 101 | 0 |
_arus _aara |
|
| 102 | _aRU | ||
| 105 | _aa ||||||||| | ||
| 200 | 1 |
_aУчебно-методическое пособие по арабскому языку _eдля студентов 1 семестра ФИЯиОД гуманитарных специальностей _fВ. Д. Семенова, Г. О. Лукьянова, К. Н. Степанян, А. М. Новикова _g[отв. ред. - к.филол.н., доц. Ю. Е. Власова] |
|
| 205 | _a3-е изд., перераб. и доп. | ||
| 210 |
_aМосква _cИзд-во Российского ун-та дружбы народов _d2005 |
||
| 215 |
_a109 с. _cил. _d29 |
||
| 606 | 1 |
_aАрабский язык _jУчебные издания для высших учебных заведений _9993000 _3RU\NLR\auth\6657525 |
|
| 686 | _aШ161.131-93рус31 | ||
| 701 | 1 |
_4070 _8rus _7ca _aСеменова _bВ.Д. _cязыковед _f1933-2015 _gВалентина Дмитриевна _3RU\NLR\AUTH\7725240 _98289 |
|
| 701 | 1 |
_4070 _8rus _7ca _aЛукьянова _bГ.О. _gГалина Олеговна _3RU\NLR\auth\7726280 _99323 |
|
| 701 | 1 |
_aСтепанян _bК. Н. _4070 |
|
| 701 | 1 |
_4070 _8rus _7ca _aНовикова _bА.М. _cканд. филол. наук _gАлександра Михайловна _3RU\NLR\auth\7731799 _914809 |
|
| 702 | 1 |
_aВласова _bЮ. Е. _4340 |
|
| 801 | 0 |
_aRU _bNLR _c20050901 _grcr |
|
| 801 | 1 |
_aRU _bNLR _c20050901 |
|
| 852 |
_aNLR _bОЛСАА-араб _j5-632 |
||
| 942 | _cBOOK | ||
| 980 | _aNB | ||
| 980 | 1 | _aARAB | |